000 00420pab a2200181 454500
008 180718b2012 xxu||||| |||| 00| 0 eng d
100 _aSingh, Ranbir
245 _aChanging roles of the Presidents of India
260 _c2012
300 _ap.21-22.
362 _a11 Aug
650 _aIndia - President
650 _aPresidents
700 _aPal, Kushal
773 _aMainstream
908 _aN
909 _a97149
999 _c97149
_d97149